000 00914nas a2200313 4500
001 BR0300169
003 BR-BrBNA
005 20231205103505.0
007 ta
008 230509b bl.|||p| |||| 00| 00por d
040 _aBR-BrBNA
_bpor
_cBiblioteca Nacional de Agricultura
041 _a(Pt)
072 _aL72
100 1 _aMarchiori, C.H.
100 1 _aTeixeira, F.F.
100 1 _aSilva, C.G.
100 1 _aVieira, C.I.S.
245 1 _aParasitóides de diptera associados com fezes de gado bovino coletadas em pastagens e currais
650 _aBOVINO
650 _aFEZES
650 _aCURRAL
650 _aPASTAGEM
650 _aPARASITO
650 _aDIPTERA
650 _aANÁLISE DE LABORATÓRIO
773 0 _tArquivos do Instituto Biológico (Brazil)
_xISSN 0020-3653
_g(Jul-Dec 2000), v. 67(2) p. 153-156
_wBR0300169
909 _a202311
_bLúcia
_c55
_dLúcia Elande
942 _2AGRIS
_n0
_cANA
999 _c173155
_d173155